<?xml version="1.0" encoding="UTF-8"?>
<record
    xmlns:xsi="http://www.w3.org/2001/XMLSchema-instance"
    xsi:schemaLocation="http://www.loc.gov/MARC21/slim http://www.loc.gov/standards/marcxml/schema/MARC21slim.xsd"
    xmlns="http://www.loc.gov/MARC21/slim">

  <leader>00356nam a2200145Ia 4500</leader>
  <controlfield tag="008">191201s2005    xx            000 0 und d</controlfield>
  <datafield tag="082" ind1=" " ind2=" ">
    <subfield code="a">670</subfield>
    <subfield code="b">RAM</subfield>
  </datafield>
  <datafield tag="100" ind1=" " ind2=" ">
    <subfield code="a">RAO, P N</subfield>
  </datafield>
  <datafield tag="245" ind1=" " ind2="0">
    <subfield code="a">Manufacturing Technology Metal Cutting and Machine Tools</subfield>
  </datafield>
  <datafield tag="250" ind1=" " ind2=" ">
    <subfield code="a">10th</subfield>
  </datafield>
  <datafield tag="260" ind1=" " ind2=" ">
    <subfield code="a">N.Delhi</subfield>
    <subfield code="b">TMH</subfield>
    <subfield code="c">2005</subfield>
  </datafield>
  <datafield tag="300" ind1=" " ind2=" ">
    <subfield code="a">440</subfield>
  </datafield>
  <datafield tag="650" ind1=" " ind2=" ">
    <subfield code="a">B.Tech(ME)</subfield>
  </datafield>
  <datafield tag="942" ind1=" " ind2=" ">
    <subfield code="2">ddc</subfield>
    <subfield code="c">BK</subfield>
  </datafield>
  <datafield tag="999" ind1=" " ind2=" ">
    <subfield code="c">1341</subfield>
    <subfield code="d">1341</subfield>
  </datafield>
  <datafield tag="952" ind1=" " ind2=" ">
    <subfield code="0">0</subfield>
    <subfield code="1">0</subfield>
    <subfield code="2">ddc</subfield>
    <subfield code="4">0</subfield>
    <subfield code="7">0</subfield>
    <subfield code="8">BTECHME</subfield>
    <subfield code="a">PIET</subfield>
    <subfield code="b">PIET</subfield>
    <subfield code="d">2006-08-15</subfield>
    <subfield code="e">M/s UBS, Delhi</subfield>
    <subfield code="g">200.00</subfield>
    <subfield code="k">125382</subfield>
    <subfield code="l">0</subfield>
    <subfield code="o">670 RAM</subfield>
    <subfield code="p">2078</subfield>
    <subfield code="r">2019-12-04 00:00:00</subfield>
    <subfield code="w">2008-08-18</subfield>
    <subfield code="y">BK</subfield>
  </datafield>
  <datafield tag="952" ind1=" " ind2=" ">
    <subfield code="0">0</subfield>
    <subfield code="1">0</subfield>
    <subfield code="2">ddc</subfield>
    <subfield code="4">0</subfield>
    <subfield code="7">0</subfield>
    <subfield code="8">BTECHME</subfield>
    <subfield code="a">PIET</subfield>
    <subfield code="b">PIET</subfield>
    <subfield code="d">2006-08-15</subfield>
    <subfield code="e">M/s UBS, Delhi</subfield>
    <subfield code="g">200.00</subfield>
    <subfield code="k">125382</subfield>
    <subfield code="l">0</subfield>
    <subfield code="o">670 RAM</subfield>
    <subfield code="p">2079</subfield>
    <subfield code="r">2019-12-20 00:00:00</subfield>
    <subfield code="w">2008-08-18</subfield>
    <subfield code="y">BK</subfield>
  </datafield>
  <datafield tag="952" ind1=" " ind2=" ">
    <subfield code="0">0</subfield>
    <subfield code="1">0</subfield>
    <subfield code="2">ddc</subfield>
    <subfield code="4">0</subfield>
    <subfield code="7">0</subfield>
    <subfield code="8">BTECHME</subfield>
    <subfield code="a">PIET</subfield>
    <subfield code="b">PIET</subfield>
    <subfield code="d">2006-08-15</subfield>
    <subfield code="e">M/s UBS, Delhi</subfield>
    <subfield code="g">200.00</subfield>
    <subfield code="k">125382</subfield>
    <subfield code="l">0</subfield>
    <subfield code="o">670 RAM</subfield>
    <subfield code="p">2080</subfield>
    <subfield code="r">2019-12-04 00:00:00</subfield>
    <subfield code="w">2008-08-18</subfield>
    <subfield code="y">BK</subfield>
  </datafield>
  <datafield tag="952" ind1=" " ind2=" ">
    <subfield code="0">0</subfield>
    <subfield code="1">0</subfield>
    <subfield code="2">ddc</subfield>
    <subfield code="4">0</subfield>
    <subfield code="7">0</subfield>
    <subfield code="8">BTECHME</subfield>
    <subfield code="a">PIET</subfield>
    <subfield code="b">PIET</subfield>
    <subfield code="d">2006-08-15</subfield>
    <subfield code="e">M/s UBS, Delhi</subfield>
    <subfield code="g">200.00</subfield>
    <subfield code="k">125382</subfield>
    <subfield code="l">1</subfield>
    <subfield code="o">670 RAM</subfield>
    <subfield code="p">2081</subfield>
    <subfield code="r">2022-05-05 00:00:00</subfield>
    <subfield code="s">2022-05-04</subfield>
    <subfield code="w">2008-08-18</subfield>
    <subfield code="y">BK</subfield>
  </datafield>
  <datafield tag="952" ind1=" " ind2=" ">
    <subfield code="0">0</subfield>
    <subfield code="1">0</subfield>
    <subfield code="2">ddc</subfield>
    <subfield code="4">0</subfield>
    <subfield code="7">0</subfield>
    <subfield code="8">BTECHME</subfield>
    <subfield code="a">PIET</subfield>
    <subfield code="b">PIET</subfield>
    <subfield code="d">2006-08-19</subfield>
    <subfield code="e">M/s UBS, Delhi</subfield>
    <subfield code="g">200.00</subfield>
    <subfield code="k">125382</subfield>
    <subfield code="l">1</subfield>
    <subfield code="o">670 RAM</subfield>
    <subfield code="p">3032</subfield>
    <subfield code="r">2022-05-31 00:00:00</subfield>
    <subfield code="s">2022-05-25</subfield>
    <subfield code="w">2005-08-23</subfield>
    <subfield code="y">BK</subfield>
  </datafield>
  <datafield tag="952" ind1=" " ind2=" ">
    <subfield code="0">0</subfield>
    <subfield code="1">0</subfield>
    <subfield code="2">ddc</subfield>
    <subfield code="4">0</subfield>
    <subfield code="7">0</subfield>
    <subfield code="8">BTECHME</subfield>
    <subfield code="a">PIET</subfield>
    <subfield code="b">PIET</subfield>
    <subfield code="d">2006-08-19</subfield>
    <subfield code="e">M/s UBS, Delhi</subfield>
    <subfield code="g">200.00</subfield>
    <subfield code="k">125382</subfield>
    <subfield code="l">0</subfield>
    <subfield code="o">670 RAM</subfield>
    <subfield code="p">3033</subfield>
    <subfield code="r">2019-12-04 00:00:00</subfield>
    <subfield code="w">2005-08-23</subfield>
    <subfield code="y">BK</subfield>
  </datafield>
  <datafield tag="952" ind1=" " ind2=" ">
    <subfield code="0">0</subfield>
    <subfield code="1">0</subfield>
    <subfield code="2">ddc</subfield>
    <subfield code="4">0</subfield>
    <subfield code="7">0</subfield>
    <subfield code="8">BTECHME</subfield>
    <subfield code="a">PIET</subfield>
    <subfield code="b">PIET</subfield>
    <subfield code="d">2006-08-19</subfield>
    <subfield code="e">M/s UBS, Delhi</subfield>
    <subfield code="g">200.00</subfield>
    <subfield code="k">125382</subfield>
    <subfield code="l">0</subfield>
    <subfield code="o">670 RAM</subfield>
    <subfield code="p">3034</subfield>
    <subfield code="r">2019-12-04 00:00:00</subfield>
    <subfield code="w">2005-08-23</subfield>
    <subfield code="y">BK</subfield>
  </datafield>
</record>
